000 00505nam a2200181Ia 4500
005 20260429112035.0
008 260429s9999||||xx |||||||||||||| ||und||
020 _a9781804890837
041 _aEnglish
082 _a551.9
_bDAL
100 _aDalton, Edward
245 0 _aEnvironmental geochemistry /
_cEdward Dalton
260 _aUnited Kingdom :
_bBrilliant Publication Ltd.,
_c2024.
300 _ax, 288 p.; hb
650 _a Earth sciences
650 _aEnvironmental geochemistry
942 _cTB
999 _c52032
_d52032